| Tag |
First Indicator |
Second Indicator |
Subfields |
| LEADER |
00000cam a2200000 a 4500 |
| 001 |
in00002496830 |
| 005 |
20220106091134.0 |
| 006 |
m d f |
| 007 |
cr bn||||||||| |
| 008 |
090728s2009 dcu ob f000 0 eng c |
| 035 |
|
|
|a (OCoLC)ocn428110157
|
| 040 |
|
|
|a GPO
|c GPO
|d GPO
|d UBY
|d OCLCQ
|d GPO
|d MvI
|d UtOrBLW
|
| 042 |
|
|
|a pcc
|
| 043 |
|
|
|a n-us---
|
| 049 |
|
|
|a WWW
|
| 050 |
1 |
4 |
|a KF27
|b .H57 2009g
|
| 074 |
|
|
|a 1018-E (online)
|
| 086 |
0 |
|
|a Y 4.H 75:110-35
|
| 088 |
|
|
|a Serial no. 110-35 (United States. Congress. House. Committee on Homeland Security)
|
| 110 |
1 |
|
|a United States.
|b Congress.
|b House.
|b Committee on Homeland Security.
|
| 245 |
1 |
4 |
|a The 2007 hurricane season :
|b are we prepared? : full hearing of the Committee on Homeland Security, House of Representatives, One Hundred Tenth Congress, first session, May 15, 2007.
|
| 264 |
|
1 |
|a Washington :
|b U.S. G.P.O.,
|c 2009.
|
| 300 |
|
|
|a 1 online resource (iv, 97 pages)
|
| 336 |
|
|
|a text
|b txt
|2 rdacontent
|
| 337 |
|
|
|a computer
|b c
|2 rdamedia
|
| 338 |
|
|
|a online resource
|b cr
|2 rdacarrier
|
| 504 |
|
|
|a Includes bibliographical references.
|
| 500 |
|
|
|a "Serial number 110-35."
|
| 500 |
|
|
|a Electronic resource.
|
| 610 |
1 |
0 |
|a United States.
|b Federal Emergency Management Agency
|v Rules and practice.
|
| 610 |
1 |
0 |
|a United States.
|b Federal Emergency Management Agency
|x Planning.
|
| 650 |
|
0 |
|a Hurricane protection
|z United States
|x Planning.
|
| 650 |
|
0 |
|a Emergency management
|z United States
|x Planning.
|
| 650 |
|
0 |
|a Emergency management
|z United States.
|
| 776 |
0 |
8 |
|i Print version:
|a United States. Congress. House. Committee on Homeland Security.
|t 2007 hurricane season : are we prepared
|h iv, 97 p.
|w (OCoLC)428115880
|
| 776 |
0 |
8 |
|i Microfiche:
|a United States. Congress. House. Committee on Homeland Security.
|t 2007 hurricane season : are we prepared
|h iv, 97 p.
|w (OCoLC)496144787
|
| 856 |
4 |
0 |
|3 Text version:
|u https://purl.fdlp.gov/GPO/LPS115355
|t 0
|
| 856 |
4 |
0 |
|3 PDF version:
|u https://purl.fdlp.gov/GPO/LPS115357
|t 0
|
| 999 |
|
|
|a MARS
|
| 999 |
f |
f |
|s a6a4f85d-9890-3c1e-93c5-ae283211d232
|i d08c43d4-4941-3433-9264-d4633c2f6e10
|t 0
|
| 952 |
f |
f |
|a Texas A&M University
|b College Station
|c Electronic Resources
|d Available Online
|t 0
|e Y 4.H 75:110-35
|h Superintendent of Documents classification
|
| 998 |
f |
f |
|a Y 4.H 75:110-35
|t 0
|l Available Online
|